000 00565nam a2200181Ia 4500
008 100917s9999 xx 000 0 und d
082 _b65426
100 _aबुवा वि. आ.
245 _aखटयाळ काळजात घुसली
260 _bगुलमोहर पब्लिकेशन्स
_c1984
300 _a201
365 _b35
520 _aकथा
630 _aखटयाळ काळजात घुसली
650 _aकथा
730 _aखटयाळ काळजात घुसली
942 _cBOOK
999 _c670820
_d670817